Statistics for Toronto Raptors 2017-18 Most Games Leading Team in Scoring

Click here to take the quiz!

General Stats

  • This quiz has been taken 91 times
  • The average score is 5 of 8

Answer Stats

PlayerGames% Correct
DeMar DeRozan49
99%
Kyle Lowry16
99%
Jonas Valanciunas11
75%
Serge Ibaka3
71%
Fred VanVleet5
65%
Norman Powell1
43%
C.J. Miles2
21%
Delon Wright1
17%

Score Distribution

Percentile by Number Answered

Percent of People with Each Score

Your Score History

You have not taken this quiz